| 000 | 00485nam a22001817a 4500 | ||
|---|---|---|---|
| 003 | NUST - PNEC | ||
| 005 | 20170116181109.0 | ||
| 008 | 151003b xxu||||| |||| 00| 0 eng d | ||
| 020 | _a0471934240 | ||
| 020 | _a0471943622 | ||
| 040 | _cLIBRARY | ||
| 082 | _a621.40220151 LEW | ||
| 100 |
_912781 _aLewis, R. W. |
||
| 245 |
_aThe finite element method in heat transfer analysis _cR. W. Lewis |
||
| 260 | _cc.1996 | ||
| 650 |
_912784 _aFinite element method _xEE |
||
| 942 |
_2ddc _cBK |
||
| 999 |
_c69032 _d69032 |
||